Welcome to CU Library Online Public Access Catalogue (OPAC)

Architectural drawing : (Record no. 287)

MARC details
000 -LEADER
fixed length control field 00883cam a22002294a 4500
001 - CONTROL NUMBER
control field 12792114
005 - DATE AND TIME OF LATEST TRANSACTION
control field 20241028142005.0
008 - FIXED-LENGTH DATA ELEMENTS--GENERAL INFORMATION
fixed length control field 020529s2003 njua b 001 0 eng
020 ## - INTERNATIONAL STANDARD BOOK NUMBER
International Standard Book Number 9780471055402
050 00 - LIBRARY OF CONGRESS CALL NUMBER
Classification number NA2708
Item number .Y439 2003
082 00 - DEWEY DECIMAL CLASSIFICATION NUMBER
Classification number 720/.28/4
Edition information 21
100 1# - MAIN ENTRY--PERSONAL NAME
Personal name Yee, Rendow.
245 10 - TITLE STATEMENT
Title Architectural drawing :
Remainder of title a visual compendium of types and methods /
Statement of responsibility, etc. Rendow Yee.
250 ## - EDITION STATEMENT
Edition statement 2nd ed.
260 ## - PUBLICATION, DISTRIBUTION, ETC.
Place of publication, distribution, etc. Hoboken, N.J. :
Name of publisher, distributor, etc. J. Wiley,
Date of publication, distribution, etc. c2003.
300 ## - PHYSICAL DESCRIPTION
Extent xv, 656 p. :
Other physical details ill. ;
Dimensions 28 cm.
650 #0 - SUBJECT ADDED ENTRY--TOPICAL TERM
Topical term or geographic name entry element Architectural drawing
General subdivision Technique.
856 42 - ELECTRONIC LOCATION AND ACCESS
Materials specified Contributor biographical information
Uniform Resource Identifier <a href="http://www.loc.gov/catdir/bios/wiley044/2002072715.html">http://www.loc.gov/catdir/bios/wiley044/2002072715.html</a>
856 42 - ELECTRONIC LOCATION AND ACCESS
Materials specified Publisher description
Uniform Resource Identifier <a href="http://www.loc.gov/catdir/description/wiley036/2002072715.html">http://www.loc.gov/catdir/description/wiley036/2002072715.html</a>
856 41 - ELECTRONIC LOCATION AND ACCESS
Materials specified Table of contents
Uniform Resource Identifier <a href="http://www.loc.gov/catdir/toc/wiley023/2002072715.html">http://www.loc.gov/catdir/toc/wiley023/2002072715.html</a>
942 ## - ADDED ENTRY ELEMENTS (KOHA)
Source of classification or shelving scheme Library of Congress Classification
Koha item type Books
Edition 2nd Ed.
Suppress in OPAC No
999 ## -
-- 287
-- 287
Holdings
Withdrawn status Lost status Source of classification or shelving scheme Damaged status Not for loan Collection Home library Current library Shelving location Date acquired Total checkouts Full call number Barcode Date last seen Copy number Price effective from Koha item type
    Library of Congress Classification     Non-fiction Science Library (Miotso) Science Library (Miotso) General stacks 10/28/2024   NA2708 .Y439 2003 SLM00000143 10/28/2024 1 10/28/2024 Books
    Library of Congress Classification     Non-fiction Science Library (Miotso) Science Library (Miotso) General stacks 10/28/2024   NA2708 .Y439 2003 SLM00000144 10/28/2024 2 10/28/2024 Books
© 2023-2024 Copyright: Central University Libraries. All Rights Reserved | Created by: Mahone Tech Office